| 000 | 00518cam a2200217ua 4500 | ||
|---|---|---|---|
| 001 | 3546 | ||
| 005 | 20260515113710.0 | ||
| 008 | 111118n ii |||gr||||Z||||||asm | ||
| 020 | _a81-86494-52-9 | ||
| 040 | _cMAIN | ||
| 082 | _a843 | ||
| 100 | _aGide, Andra, | ||
| 245 | 1 | 1 |
_aSankirna turan _cby Andre Gide |
| 250 | _a1st. | ||
| 260 |
_aGuwahati: _bStudents stores,997. |
||
| 300 |
_a129p: _c23cm. |
||
| 653 | _aFrance novel | ||
| 653 | _aSankirna turan | ||
| 700 |
_aBaruah, Prity, _eTranslator., |
||
| 942 | _cBK | ||
| 999 |
_c3385 _d3385 |
||